00254nam a2200109Ia 4500008004100000100001600041245003000057260001900087260000900106546001200115999001700127170619s9999 xx 000 0 und d aHarigopal K 0aDigital Signal Processing bNew Delhi: PHI c2002 aENGLISH c17443d17443